000 00842cam a22002773a 4500
001 23603
003 PGUSA
005 20140828083513.0
008 071124s2007||||xxu|||||s|||||000 1 eng d
040 _aPGUSA
_beng
042 _adc
050 4 _aPS
100 1 _aKlein, Charles,
_d1867-1915
245 1 4 _aThe Music Master; Novelized from the Play
_h[electronic resource] /
_cCharles Klein
260 _bProject Gutenberg,
_c2007
506 _aPublic domain in the USA.
516 _aElectronic text
653 _aAttitude change -- Fiction
653 _aSocial classes -- Fiction
653 _aFathers and daughters -- Fiction
653 _aMusicians -- Fiction
653 _aDetermination (Personality trait) -- Fiction
830 0 _aProject Gutenberg
_v23603
856 4 0 _uhttp://www.gutenberg.org/ebooks/23603
942 _cEB
999 _c252858
_d252858